Drugs from discovery to approval

Saved in:
Bibliographic Details
Other Authors Ng, Rick
Format Book
LanguageEnglish
Published Hoboken, New Jersey Wiley-Liss 2004
Subjects
Online AccessFull text
ISBN0471601500
9780471601500
9780471722809
Physical Description355 s. : il.

Cover

LEADER 00000cam a22000004u 4500
001 32341
003 CZ-ZlUTB
005 20251006165630.0
006 m-----o--d--------
007 cr-|n-
008 040408s2004 xxu | eng
020 |a 0471601500 
020 |a 9780471601500 
020 |a 9780471722809  |q (el.) 
040 |a SzZuIDS NEBIS ETH-BIB  |b cze  |d ZLD002 
072 7 |a 615  |x Farmacie. Farmakologie  |2 Konspekt  |9 14 
080 |a 343.575  |2 v 
080 |a 613.81/.84  |2 v 
080 |a 615.214  |2 v 
080 |a 663.99  |2 v 
245 0 0 |a Drugs  |h [elektronický zdroj] :  |b from discovery to approval /  |c Rick Ng 
260 |a Hoboken, New Jersey  |b Wiley-Liss  |c 2004 
300 |a 355 s. :  |b il. 
538 |a Způsob přístupu: WWW 
650 0 7 |a drogy  |7 ph119615  |2 czenas 
655 0 7 |a elektronické knihy  |7 fd186907  |2 czenas 
700 1 |a Ng, Rick 
856 4 1 |u https://proxy.k.utb.cz/login?url=http://onlinelibrary.wiley.com/book/10.1002/0471722804 
910 |a ZLD002 
992 |a ER  |c EBOOK-TN  |c WILEY 
999 |c 32341  |d 32341 
993 |x NEPOSILAT  |y EIZ